Ellora / (Record no. 179399)

MARC details
000 -LEADER
fixed length control field 00711nam a22002177a 4500
005 - DATE AND TIME OF LATEST TRANSACTION
control field 20210610144751.0
010 ## - LCCN (DPL NO)
LC control number B-740209
020 ## - INTERNATIONAL STANDARD BOOK NUMBER
International Standard Book Number 9780195673890
Terms of availability 195.00
035 ## - SYSTEM CONTROL NUMBER
System control number B-740209
037 ## - SOURCE OF ACQUISITION
Source of stock number/acquisition Gift
082 ## - DEWEY DECIMAL CLASSIFICATION NUMBER
Classification number 730.954792
100 ## - MAIN ENTRY--PERSONAL NAME
Personal name Dhavalikar, M. K.
245 ## - TITLE STATEMENT
Title Ellora /
Statement of responsibility, etc by M. K. Dhavalikar
260 ## - PUBLICATION, DISTRIBUTION, ETC. (IMPRINT)
Place of publication, distribution, etc New Delhi
Name of publisher, distributor, etc Oxford University Press
Date of publication, distribution, etc 2009
270 ## - ADDRESS
Address YMCA Library Building, Jai Singh Road
City New Delhi
Postal code 110001
300 ## - PHYSICAL DESCRIPTION
Extent xi, 104p.:
Dimensions 22cm(Hb)
Other physical details ill.
490 ## - SERIES STATEMENT
Series statement Monumental Legacy
650 ## - SUBJECT ADDED ENTRY--TOPICAL TERM
Topical term or geographic name as entry element Cave temples
Geographic subdivision India
-- Ellora Caves.
942 ## - ADDED ENTRY ELEMENTS (KOHA)
Source of classification or shelving scheme Dewey Decimal Classification
Item type English Books
Call number suffix DHA
Classification part 730.954792
Holdings
Withdrawn status Lost status Not for loan Collection code Home library Current library Date acquired Source of acquisition Cost, normal purchase price Full call number Barcode Copy number Cost, replacement price Koha item type Public note
      Non-fiction Kadipur Kadipur 10/06/2021 Gift/Eng/02-06-2021 195.00 730.954792 DHA B-740209 1 195.00 English Books Gift

© Delhi Public Library
Hit Counter
free hit counter